| 000 | 00475nam a2200193Ia 4500 | ||
|---|---|---|---|
| 005 | 20240823013225.0 | ||
| 008 | 240823s9999||||xx |||||||||||||| ||und|| | ||
| 020 | _a0-07-115525-2 | ||
| 041 | _aENGLISH | ||
| 082 | _A621.392 N8 | ||
| 100 | _a"Navabi,Zainalabedin" | ||
| 245 | 0 | _aVHDL Analysis and Modeling of Digital Systems | |
| 250 | _a2nd | ||
| 260 |
_c1998 _b"MGH,New York" |
||
| 500 | _aYES | ||
| 650 |
_avhdl _bInstrumentation |
||
| 942 | _cBK | ||
| 999 |
_c166632 _d166632 |
||